00467 2200169 4500001002100000005001500021035002000036245006100056100003000117250001700147300003500164260003500199082001000234084001600244020002200260650001500282INLIS00000000000098720250323050839 a0010-03250000831 aChildren's Photo Dictionary /cEmalia Iragiliati Sukarni0 aEmalia Iragiliati Sukarni acetakan ke-1 avi, 146 hlm :bilus ;c17,5 cm aBandung :bGaneca Exact,c2007 a423.1 a423.1 EMA c a978-979-571-504-7 4aKamus Anak